000 00403nam a2200145Ia 4500
008 210210b1978 xxu||||| |||| 00| 0 eng d
082 _a346.066 BAIC
100 _aBAIG (Nafees).
245 _aCompany law and secretarial practice.
260 _aDelhi
_bSterling publishing pvt ltd
_c1978
300 _a273
650 _aCompany law & secretarial practice.
690 _aCompany Law
906 _a033962
999 _c84819
_d84819